[Event "GER-chT Seniors 26th"]
[Site "Templin"]
[Date "2017.10.01"]
[Round "7.2"]
[White "Nimtz, Manfred"]
[Black "Engelbert, Christoph"]
[Result "1/2-1/2"]
[WhiteElo "2184"]
[BlackElo "2135"]
[PlyCount "21"]
[EventDate "2017.09.25"]
[EventType "team-swiss"]
[EventRounds "7"]
[EventCountry "GER"]
[SourceTitle "EXT 2019"]
[Source "ChessBase"]
[SourceDate "2018.10.10"]
[SourceVersion "1"]
[SourceVersionDate "2018.10.10"]
[SourceQuality "1"]
[WhiteTeam "Niedersachsen"]
[BlackTeam "Hamburg"]
[WhiteTeamCountry "GER"]
[BlackTeamCountry "GER"]

1. e4 g6 2. d4 Bg7 3. Nc3 d6 4. f4 a6 5. Nf3 b5 6. Bd3 Nd7 7. e5 Bb7 8. 0-0 c5 9. Be4 Bxe4 10. Nxe4 cxd4 11. exd6 1/2-1/2

[Event "GER-chT Seniors 26th"]
[Site "Templin"]
[Date "2017.09.26"]
[Round "2.14"]
[White "Kierzek, Matthias"]
[Black "Nimtz, Manfred"]
[Result "0-1"]
[WhiteElo "2277"]
[BlackElo "2184"]
[PlyCount "86"]
[EventDate "2017.09.25"]
[EventType "team-swiss"]
[EventRounds "7"]
[EventCountry "GER"]
[SourceTitle "EXT 2019"]
[Source "ChessBase"]
[SourceDate "2018.10.10"]
[SourceVersion "1"]
[SourceVersionDate "2018.10.10"]
[SourceQuality "1"]
[WhiteTeam "Hessen"]
[BlackTeam "Niedersachsen"]
[WhiteTeamCountry "GER"]
[BlackTeamCountry "GER"]

1. d4 Nf6 2. c4 g6 3. Nc3 d5 4. Nf3 Bg7 5. Qb3 dxc4 6. Qxc4 0-0 7. e4 Bg4 8. Be3 Nfd7 9. 0-0-0 c6 10. h3 Bxf3 11. gxf3 b5 12. Qb3 a5 13. d5 a4 14. Qc2 b4 15. Nxa4 Qa5 16. b3 Rc8 17. Kb1 Qd8 18. d6 exd6 19. Rxd6 Qe7 20. Rd1 c5 21. f4 Nc6 22. Rxd7 Qxd7 23. Nb6 Qd8 24. Nxc8 Rxc8 25. Ba6 Nd4 26. Qc4 Ra8 27. Bb5 Qb6 28. Ba4 Rd8 29. Rd1 Qb7 30. f3 Qc8 31. Qf1 h5 32. Qg2 Kh7 33. f5 Nxf5 34. Rxd8 Qxd8 35. exf5 Qd3+ 36. Qc2 Qxe3 37. fxg6+ fxg6 38. Qe4 Qc3 39. Qe2 c4 40. Be8 Qa1+ 41. Kc2 Qxa2+ 42. Kd1 Qb1+ 43. Kd2 Bh6+ 0-1

[Event "Oberliga Nord W 1314"]
[Site "Germany"]
[Date "2014.02.09"]
[Round "6.4"]
[White "Nimtz, Manfred"]
[Black "Hampel, Felix"]
[Result "0-1"]
[WhiteElo "2223"]
[BlackElo "2121"]
[PlyCount "72"]
[EventDate "2013.10.13"]
[EventType "team-tourn"]
[EventRounds "9"]
[EventCountry "GER"]
[SourceTitle "EXT 2015"]
[Source "ChessBase"]
[SourceDate "2014.11.20"]
[SourceVersion "1"]
[SourceVersionDate "2014.11.20"]
[SourceQuality "1"]
[WhiteTeam "Braunschweig"]
[BlackTeam "Lister Turm"]
[WhiteTeamCountry "GER"]
[BlackTeamCountry "GER"]

1. Nf3 g6 2. g3 Bg7 3. d4 d6 4. Bg2 f5 5. 0-0 Nf6 6. c4 0-0 7. Nc3 Qe8 8. Qc2 Na6 9. b3 c6 10. Ba3 Bd7 11. Rad1 b5 12. Bb2 Rb8 13. Nd2 b4 14. Ncb1 e5 15. dxe5 dxe5 16. Nf3 e4 17. Ne5 Rb7 18. Rd6 Qe7 19. Rfd1 Rc7 20. Qd2 Be8 21. a3 Nd5 22. Rxc6 Bxc6 23. Nxc6 Rxc6 24. Qxd5+ Re6 25. Bxg7 Kxg7 26. axb4 Nxb4 27. Qd4+ Kg8 28. Nc3 Nc6 29. Qe3 Qb7 30. Nd5 Ne7 31. f3 Nxd5 32. cxd5 Rb6 33. fxe4 Rxb3 34. Qd4 Rb4 35. Qe5 Qb6+ 36. Kh1 Rb1 0-1

[Event "Oberliga Nord W 1314"]
[Site "Germany"]
[Date "2013.11.24"]
[Round "3.4"]
[White "Bredemeier, Dirk"]
[Black "Nimtz, Manfred"]
[Result "1-0"]
[WhiteElo "2248"]
[BlackElo "2223"]
[PlyCount "107"]
[EventDate "2013.10.13"]
[EventType "team-tourn"]
[EventRounds "9"]
[EventCountry "GER"]
[SourceTitle "EXT 2015"]
[Source "ChessBase"]
[SourceDate "2014.11.20"]
[SourceVersion "1"]
[SourceVersionDate "2014.11.20"]
[SourceQuality "1"]
[WhiteTeam "Oldenburg Union"]
[BlackTeam "Braunschweig"]
[WhiteTeamCountry "GER"]
[BlackTeamCountry "GER"]

1. d4 Nf6 2. c4 g6 3. Nc3 d5 4. Nf3 Bg7 5. cxd5 Nxd5 6. Bd2 0-0 7. Rc1 Nb6 8. e3 Nc6 9. Bb5 e5 10. Bxc6 exd4 11. exd4 bxc6 12. 0-0 Bg4 13. Be3 Nc4 14. Qe2 Nxe3 15. Qxe3 Rb8 16. Ne5 Bxe5 17. dxe5 Rxb2 18. Ne4 Bf5 19. Nf6+ Kg7 20. Rfd1 Qe7 21. Rd4 Rfb8 22. Rh4 h5 23. Qg5 Qxe5 24. Nxh5+ Kf8 25. Nf6 Rb1 26. Rh8+ Ke7 27. Ng4+ f6 28. Rh7+ Ke8 29. Rh8+ Ke7 30. Rh7+ Ke6 31. Qd2 Rxc1+ 32. Qxc1 Bxg4 33. Qxc6+ Kf5 34. Qd7+ Kg5 35. h4+ Kf4 36. g3+ Ke4 37. Qxg4+ Kd3 38. Rd7+ Kc3 39. Qf3+ Kb2 40. Rd2+ Ka1 41. Qd3 Rb1+ 42. Kg2 f5 43. a4 Qe4+ 44. Qxe4 fxe4 45. Rc2 Rb4 46. Rxc7 Rxa4 47. Rc6 a5 48. Rxg6 Rb4 49. Ra6 a4 50. h5 Kb2 51. h6 a3 52. g4 a2 53. h7 Rb8 54. g5 1-0

[Event "Oberliga Nord W 1213"]
[Site "Germany"]
[Date "2013.04.14"]
[Round "9.5"]
[White "Nimtz, Manfred"]
[Black "Bredemeier, Dirk"]
[Result "0-1"]
[WhiteElo "2239"]
[BlackElo "2243"]
[PlyCount "122"]
[EventDate "2012.10.14"]
[EventType "team-tourn"]
[EventRounds "9"]
[EventCountry "GER"]
[SourceTitle "EXT 2014"]
[Source "ChessBase"]
[SourceDate "2013.11.20"]
[SourceVersion "1"]
[SourceVersionDate "2013.11.20"]
[SourceQuality "1"]
[WhiteTeam "Braunschweig Gliesmarode"]
[BlackTeam "Oldenburg Union"]
[WhiteTeamCountry "GER"]
[BlackTeamCountry "GER"]

1. Nf3 Nf6 2. g3 e6 3. Bg2 c5 4. 0-0 Nc6 5. d4 cxd4 6. Nxd4 Bc5 7. Nxc6 bxc6 8. c4 0-0 9. e4 e5 10. Nc3 d6 11. h3 Be6 12. Qe2 Nd7 13. Kh2 Nb6 14. b3 Bd4 15. Bb2 a5 16. Rad1 a4 17. f4 axb3 18. axb3 f6 19. Ra1 Qc7 20. Rfb1 Rfb8 21. Nd1 Bxb2 22. Nxb2 Rxa1 23. Rxa1 Nd7 24. fxe5 dxe5 25. Qd1 Nc5 26. Ra3 Qd7 27. Qxd7 Bxd7 28. Na4 Nxb3 29. Rxb3 Rxb3 30. Nc5 Rc3 31. Nxd7 Rxc4 32. Nb8 c5 33. Nd7 Rc2 34. Kg1 c4 35. Bf1 Kf7 36. Nb6 c3 37. Bc4+ Ke7 38. Kf1 Kd6 39. Nd5 Kc5 40. Ne3 Rd2 41. Bb3 Kd4 42. Nc2+ Kxe4 43. Ne1 Ke3 44. Bc2 Rxc2 45. Nxc2+ Kd2 46. Na1 c2 47. Nb3+ Kd1 48. g4 c1Q 49. Nxc1 Kxc1 50. Ke2 Kc2 51. Ke3 Kc3 52. Ke4 Kc4 53. g5 Kc5 54. gxf6 gxf6 55. Kf5 Kd6 56. Kxf6 e4 57. h4 e3 58. h5 e2 59. Kg7 e1Q 60. Kxh7 Qg3 61. h6 Ke7 0-1

[Event "Oberliga Nord W 1213"]
[Site "Germany"]
[Date "2012.11.25"]
[Round "3.5"]
[White "Nimtz, Manfred"]
[Black "Schmidt, Dennis"]
[Result "0-1"]
[WhiteElo "2239"]
[BlackElo "2063"]
[PlyCount "98"]
[EventDate "2012.10.14"]
[EventType "team-tourn"]
[EventRounds "9"]
[EventCountry "GER"]
[SourceTitle "EXT 2014"]
[Source "ChessBase"]
[SourceDate "2013.11.20"]
[SourceVersion "1"]
[SourceVersionDate "2013.11.20"]
[SourceQuality "1"]
[WhiteTeam "Braunschweig Gliesmarode"]
[BlackTeam "Hameln"]
[WhiteTeamCountry "GER"]
[BlackTeamCountry "GER"]

1. Nf3 c5 2. g3 Nc6 3. d4 cxd4 4. Nxd4 g6 5. Bg2 Bg7 6. Nxc6 dxc6 7. Qxd8+ Kxd8 8. 0-0 Bg4 9. f3 Be6 10. c3 Nf6 11. e4 Kc8 12. Be3 Rd8 13. Nd2 Kd7 14. Nb3 b6 15. Nd4 Bc4 16. Rfd1 Kc7 17. Bf4+ Kb7 18. Be3 e5 19. Nb3 Kc7 20. Kf2 h6 21. Nd2 Ba6 22. a4 Bf8 23. a5 c5 24. Bf1 Bxf1 25. Kxf1 b5 26. c4 b4 27. Nb3 Kc6 28. Ke2 a6 29. Rd5 Nxd5 30. exd5+ Kd7 31. Bxc5 Rac8 32. Bxf8 Rxf8 33. c5 f5 34. Ra4 Rb8 35. Ra1 g5 36. Rc1 h5 37. Rc4 g4 38. f4 Rfe8 39. Ke3 h4 40. gxh4 exf4+ 41. Kxf4 Re4+ 42. Rxe4 fxe4 43. Nd4 Rc8 44. Ne6 e3 45. Kxe3 Rh8 46. Kf4 Rxh4 47. Nf8+ Kc8 48. d6 Rxh2 49. c6 Rf2+ 0-1

[Event "Oberliga Nord W 1213"]
[Site "Germany"]
[Date "2012.11.11"]
[Round "2.5"]
[White "Peters, Frank"]
[Black "Nimtz, Manfred"]
[Result "1/2-1/2"]
[WhiteElo "2186"]
[BlackElo "2239"]
[PlyCount "69"]
[EventDate "2012.10.14"]
[EventType "team-tourn"]
[EventRounds "9"]
[EventCountry "GER"]
[SourceTitle "EXT 2014"]
[Source "ChessBase"]
[SourceDate "2013.11.20"]
[SourceVersion "1"]
[SourceVersionDate "2013.11.20"]
[SourceQuality "1"]
[WhiteTeam "Bremer SG"]
[BlackTeam "Braunschweig Gliesmarode"]
[WhiteTeamCountry "GER"]
[BlackTeamCountry "GER"]

1. c4 Nf6 2. g3 g6 3. Bg2 Bg7 4. Nc3 0-0 5. Nf3 d5 6. cxd5 Nxd5 7. 0-0 Nc6 8. d4 Nb6 9. e3 Re8 10. b3 e5 11. Nxe5 Nxe5 12. dxe5 Bxe5 13. Bb2 c6 14. Qc2 Qe7 15. Rfe1 Bg7 16. Rad1 Bg4 17. f3 Bf5 18. e4 Be6 19. e5 Bf5 20. Qf2 Rad8 21. f4 Qb4 22. Rxd8 Rxd8 23. Rd1 Rxd1+ 24. Nxd1 Nd5 25. Bxd5 cxd5 26. Bc3 Qa3 27. Qb2 Bf8 28. Qxa3 Bxa3 29. Bd4 a6 30. Nc3 Be6 31. Kf2 Kf8 32. Na4 Ke8 33. Bc5 Bc1 34. Be3 Ba3 35. Bc5 1/2-1/2

[Event "Oberliga Nord W 1112"]
[Site "Germany"]
[Date "2012.04.15"]
[Round "9.7"]
[White "Konow, Philipp"]
[Black "Nimtz, Manfred"]
[Result "0-1"]
[WhiteElo "1974"]
[BlackElo "2224"]
[PlyCount "88"]
[EventDate "2011.10.02"]
[EventType "team-tourn"]
[EventRounds "9"]
[EventCountry "GER"]
[SourceTitle "EXT 2013"]
[Source "ChessBase"]
[SourceDate "2012.11.22"]
[SourceVersion "1"]
[SourceVersionDate "2012.11.22"]
[SourceQuality "1"]
[WhiteTeam "Stade"]
[BlackTeam "Braunschweig Gliesmarode"]
[WhiteTeamCountry "GER"]
[BlackTeamCountry "GER"]

1. d4 Nf6 2. c4 g6 3. Nc3 d5 4. Qb3 dxc4 5. Qxc4 Bg7 6. Nf3 0-0 7. e4 Bg4 8. Be3 Nfd7 9. Be2 Nb6 10. Qd3 Nc6 11. Rd1 Bxf3 12. Bxf3 e5 13. Ne2 exd4 14. Nxd4 Ne5 15. Qc2 Qe7 16. Be2 Nbc4 17. Bxc4 Qb4+ 18. Bd2 Qxc4 19. Qxc4 Nxc4 20. Bc3 c5 21. Nb3 b6 22. Bxg7 Kxg7 23. Rb1 Rfe8 24. f3 f5 25. Nd2 Nxd2 26. Kxd2 fxe4 27. f4 Rad8+ 28. Ke2 Rd3 29. Rbc1 Red8 30. Rc2 Kf6 31. Re1 Kf5 32. g3 Kg4 33. Kf2 Rd2+ 34. Re2 Rxc2 35. Rxc2 Rd3 36. Re2 Kf5 37. Rc2 Ke6 38. Ke2 Kd5 39. Rc1 c4 40. Rc2 Kd4 41. Rc1 b5 42. a3 a5 43. Rc2 h5 44. Rc1 c3 0-1

[Event "Oberliga Nord W 1011"]
[Site "Germany"]
[Date "2011.03.20"]
[Round "8.5"]
[White "Nimtz, Manfred"]
[Black "Hoellmann, Ludger"]
[Result "1-0"]
[WhiteElo "2223"]
[BlackElo "1926"]
[PlyCount "79"]
[EventDate "2010.10.10"]
[EventType "team-tourn"]
[EventRounds "9"]
[EventCountry "GER"]
[SourceTitle "EXT 2012"]
[Source "ChessBase"]
[SourceDate "2011.11.24"]
[SourceVersion "1"]
[SourceVersionDate "2011.11.24"]
[SourceQuality "1"]
[WhiteTeam "Braunschweig Gliesmarode"]
[BlackTeam "Nordhorn Blanke"]
[WhiteTeamCountry "GER"]
[BlackTeamCountry "GER"]

1. e4 d5 2. exd5 Qxd5 3. Nc3 Qa5 4. d4 c6 5. Nf3 Nf6 6. Bc4 Bf5 7. Bd2 e6 8. Qe2 Bb4 9. 0-0-0 Nbd7 10. Rhe1 0-0 11. Bb3 Rfd8 12. a3 Bxc3 13. Bxc3 Qb5 14. Qxb5 cxb5 15. d5 Nc5 16. dxe6 Nxb3+ 17. cxb3 Rxd1+ 18. Rxd1 Bxe6 19. Nd4 Bd7 20. Nc2 Be6 21. Bxf6 gxf6 22. Rd3 Rc8 23. Kd2 Kf8 24. Nd4 Bd7 25. Rc3 Bc6 26. Nxc6 bxc6 27. b4 Rd8+ 28. Rd3 Rd5 29. Kc3 Ke7 30. g4 Re5 31. Rh3 Re4 32. f3 Re2 33. Rxh7 Re3+ 34. Kd4 Rxf3 35. Kc5 Rf4 36. Kxc6 Rxg4 37. Kxb5 f5 38. Ka6 Rg2 39. Kxa7 Rxb2 40. Rh3 1-0

[Event "Oberliga Nord W 1011"]
[Site "Germany"]
[Date "2010.12.12"]
[Round "4.6"]
[White "Schmidt, Dennis"]
[Black "Nimtz, Manfred"]
[Result "1-0"]
[WhiteElo "1976"]
[BlackElo "2223"]
[PlyCount "91"]
[EventDate "2010.10.10"]
[EventType "team-tourn"]
[EventRounds "9"]
[EventCountry "GER"]
[SourceTitle "EXT 2012"]
[Source "ChessBase"]
[SourceDate "2011.11.24"]
[SourceVersion "1"]
[SourceVersionDate "2011.11.24"]
[SourceQuality "1"]
[WhiteTeam "Hameln"]
[BlackTeam "Braunschweig Gliesmarode"]
[WhiteTeamCountry "GER"]
[BlackTeamCountry "GER"]

1. e4 c5 2. Nf3 d6 3. d4 cxd4 4. Nxd4 Nf6 5. Nc3 e6 6. Bg5 Be7 7. Be2 0-0 8. Qd2 a6 9. 0-0-0 b5 10. Bf3 b4 11. Nce2 e5 12. Nb3 Be6 13. Kb1 Nbd7 14. Ng3 a5 15. Nc1 Qb6 16. Qe3 Qc7 17. Nf5 Bxf5 18. exf5 Rab8 19. Bxf6 Bxf6 20. g4 Rfc8 21. Be4 Nc5 22. h4 Nxe4 23. Qxe4 Rb5 24. g5 Be7 25. f6 Bf8 26. h5 d5 27. Qe2 Rc5 28. Rd2 e4 29. Nb3 Rc4 30. Nd4 Qe5 31. Qg4 a4 32. Qf5 Bd6 33. Qxe5 Bxe5 34. Nf5 Kf8 35. fxg7+ Bxg7 36. Nd6 d4 37. Nxc8 Rxc8 38. Re1 Rc5 39. h6 Bh8 40. Rxe4 Rxg5 41. Rde2 f5 42. Re8+ Kf7 43. R2e7+ Kg6 44. Rg8+ Kxh6 45. Rxh7+ Kxh7 46. Rxg5 1-0

[Event "Oberliga Nord W 1011"]
[Site "Germany"]
[Date "2010.10.24"]
[Round "2.5"]
[White "Kaphle, Stephan"]
[Black "Nimtz, Manfred"]
[Result "0-1"]
[WhiteElo "2167"]
[BlackElo "2223"]
[PlyCount "88"]
[EventDate "2010.10.10"]
[EventType "team-tourn"]
[EventRounds "9"]
[EventCountry "GER"]
[SourceTitle "EXT 2012"]
[Source "ChessBase"]
[SourceDate "2011.11.24"]
[SourceVersion "1"]
[SourceVersionDate "2011.11.24"]
[SourceQuality "1"]
[WhiteTeam "Uelzen Post"]
[BlackTeam "Braunschweig Gliesmarode"]
[WhiteTeamCountry "GER"]
[BlackTeamCountry "GER"]

1. e4 c5 2. Nf3 d6 3. d4 cxd4 4. Nxd4 Nf6 5. Nc3 e6 6. Be3 Be7 7. Bd3 a6 8. 0-0 0-0 9. f4 Qc7 10. Qf3 Nc6 11. Kh1 Bd7 12. Rae1 b5 13. Qg3 Rfe8 14. e5 Nh5 15. Qg4 g6 16. Nxc6 Bxc6 17. Bd4 Ng7 18. Ne4 Bxe4 19. Bxe4 d5 20. Bd3 Bc5 21. Bc3 Qb6 22. Bd2 b4 23. Re2 Bd4 24. c3 bxc3 25. bxc3 Bc5 26. Rb1 Qa5 27. Be1 Rab8 28. Reb2 Rxb2 29. Rxb2 d4 30. Rc2 Rd8 31. Qe2 dxc3 32. Bxc3 Bb4 33. Bxb4 Qxb4 34. g3 Nf5 35. Rc4 Qa5 36. Bxf5 gxf5 37. Rc2 Rd4 38. Kg2 Kg7 39. Kh3 Qb5 40. Qf3 Qb1 41. Rc7 Rd2 42. a3 Qg1 43. Rxf7+ Kxf7 44. Qh5+ Ke7 0-1

[Event "Oberliga Nord W 1011"]
[Site "Germany"]
[Date "2010.10.10"]
[Round "1.6"]
[White "Giel, Olaf"]
[Black "Nimtz, Manfred"]
[Result "0-1"]
[WhiteElo "2150"]
[BlackElo "2223"]
[PlyCount "36"]
[EventDate "2010.10.10"]
[EventType "team-tourn"]
[EventRounds "9"]
[EventCountry "GER"]
[SourceTitle "EXT 2012"]
[Source "ChessBase"]
[SourceDate "2011.11.24"]
[SourceVersion "1"]
[SourceVersionDate "2011.11.24"]
[SourceQuality "1"]
[WhiteTeam "Bremer SG"]
[BlackTeam "Braunschweig Gliesmarode"]
[WhiteTeamCountry "GER"]
[BlackTeamCountry "GER"]

1. d4 Nf6 2. Nf3 g6 3. Nbd2 d5 4. e3 Bg7 5. b4 0-0 6. Bd3 b6 7. Rb1 Bb7 8. 0-0 Ne4 9. Bxe4 dxe4 10. Ng5 e5 11. Ngxe4 exd4 12. exd4 Re8 13. Qf3 Kh8 14. Qf4 Qd5 15. f3 Bxd4+ 16. Kh1 Nd7 17. c4 Qe5 18. Qxf7 Re7 0-1

[Event "Oberliga Nord W 0809"]
[Site "Germany"]
[Date "2008.11.30"]
[Round "3.4"]
[White "Nimtz, Manfred"]
[Black "Hoellmann, Ludger"]
[Result "0-1"]
[WhiteElo "2274"]
[BlackElo "2215"]
[PlyCount "62"]
[EventDate "2008.10.05"]
[EventType "team-tourn"]
[EventRounds "9"]
[EventCountry "GER"]
[SourceTitle "EXT 2010"]
[Source "ChessBase"]
[SourceDate "2010.11.25"]
[SourceVersion "1"]
[SourceVersionDate "2010.11.25"]
[SourceQuality "1"]
[WhiteTeam "Braunschweig Gliesmarode"]
[BlackTeam "Nordhorn Blanke"]
[WhiteTeamCountry "GER"]
[BlackTeamCountry "GER"]

1. e4 e6 2. d4 d5 3. e5 c5 4. Nf3 Nc6 5. Bd3 cxd4 6. 0-0 f6 7. Re1 fxe5 8. Nxe5 Nxe5 9. Rxe5 Nf6 10. Bb5+ Kf7 11. Qxd4 Bd6 12. Re1 Qc7 13. Nc3 Rf8 14. Qh4 Kg8 15. Bd3 a6 16. Bg5 h6 17. Bd2 e5 18. Bg6 Be6 19. Kh1 Qd7 20. f3 Bf5 21. Bxf5 Qxf5 22. Qa4 Kh8 23. Rad1 Rae8 24. Qb3 e4 25. fxe4 Qh5 26. e5 Ng4 27. h3 Nf2+ 28. Kg1 Rxe5 29. Rxe5 Qxe5 30. Re1 Nxh3+ 31. gxh3 Qh2# 0-1

[Event "Oberliga Nord W 0809"]
[Site "Germany"]
[Date "2008.10.26"]
[Round "2.3"]
[White "Nimtz, Manfred"]
[Black "Piepho, Niels"]
[Result "0-1"]
[WhiteElo "2274"]
[BlackElo "2284"]
[PlyCount "100"]
[EventDate "2008.10.05"]
[EventType "team-tourn"]
[EventRounds "9"]
[EventCountry "GER"]
[SourceTitle "EXT 2010"]
[Source "ChessBase"]
[SourceDate "2010.11.25"]
[SourceVersion "1"]
[SourceVersionDate "2010.11.25"]
[SourceQuality "1"]
[WhiteTeam "Braunschweig Gliesmarode"]
[BlackTeam "Hannover PSC"]
[WhiteTeamCountry "GER"]
[BlackTeamCountry "GER"]

1. e4 d6 2. d4 Nf6 3. Nc3 g6 4. f4 Bg7 5. Nf3 0-0 6. Bd3 Na6 7. 0-0 c5 8. d5 Bg4 9. Be2 Nc7 10. a4 b6 11. h3 Bxf3 12. Bxf3 Nd7 13. Kh1 Rb8 14. Qe2 a6 15. g4 b5 16. axb5 axb5 17. Bg2 b4 18. Nd1 Nb5 19. Ne3 Nd4 20. Qd3 Qb6 21. Nc4 Qb5 22. Ra5 Qb7 23. e5 Qc7 24. exd6 exd6 25. Ra6 Nb6 26. c3 Nb3 27. Be3 Nxc4 28. Qxc4 bxc3 29. bxc3 Rfe8 30. Rf3 Na5 31. Qd3 Rb3 32. Bd2 c4 33. Qc2 Qc5 34. Rf1 Qb5 35. Ra7 Qb6 36. Rd7 Nb7 37. f5 Nc5 38. fxg6 fxg6 39. Rxg7+ Kxg7 40. Qc1 Nd3 41. Bh6+ Kg8 42. Qg5 Rb1 43. Qf6 Rxf1+ 44. Bxf1 Qc7 45. Bg2 Qe7 46. Bg5 Qxf6 47. Bxf6 Nf4 48. Bf1 Re1 49. Kg1 Nxd5 50. Bd4 Ne3 0-1